| 000 | 01379nam0a2200337 i 4500 | ||
|---|---|---|---|
| 001 | RU\NLR\bibl\1910498 | ||
| 005 | 20240921112733.0 | ||
| 010 |
_a9785896532460 _92000 |
||
| 021 |
_aRU _b2012-36079 _92679 |
||
| 035 | _a(NLR Aleph) 001900037 | ||
| 090 |
_a3035978 _c3035978 |
||
| 100 | _a20120604d2011 u y0rusy50 ca | ||
| 101 | 0 | _arus | |
| 102 | _aRU | ||
| 105 | _aa ||||||||| | ||
| 200 | 1 |
_aПантоведение _e[руководство] _fН.С. Осинцев, А.Н. Осинцев |
|
| 210 |
_aКалуга _cОблиздат _d2011 |
||
| 215 |
_a199 с., [4] л. цв. ил. _cил. _d22 |
||
| 320 | _aБиблиогр.: с. 196 | ||
| 606 | 1 |
_aОленьи рога _jРуководства, пособия и т.п. _xРегенерация _xБиологические исследования _92107165 _3RU\NLR\auth\661577389 |
|
| 606 | 1 |
_aПанты _jРуководства, пособия и т.п. _xПрепараты _xЛечебное применение _92367012 _3RU\NLR\auth\661413052 |
|
| 686 | _aП63-2я7 | ||
| 686 | _aР282.12я7 | ||
| 700 | 1 |
_aОсинцев _bН. С. _gНиколай Сергеевич _4070 |
|
| 701 | 1 |
_aОсинцев _bА. Н. _gАлексей Николаевич _4070 |
|
| 801 | 0 |
_aRU _bNLR _c20120604 _gRCR |
|
| 801 | 1 |
_aRU _bNLR _c20120604 |
|
| 830 | _aавт. по кн. | ||
| 942 | _cBOOK | ||
| 980 | _aNBR | ||